| 000 | 00711nac a22001931u 4500 | ||
|---|---|---|---|
| 010 | _a 89029373 | ||
| 020 | _a0070335699 : | ||
| 082 | 0 | 0 |
_a621.815 _bkam |
| 090 |
_c7408 _d7408 |
||
| 100 | _aKamm, Lawrence J. | ||
| 245 | 1 | 0 |
_aDesigning cost-efficient mechanisms : _bminimum constraint design, designing with commercial components, and topics in design engineering / _cLawrence J. Kamm. |
| 260 |
_aNew York : _bMcGraw-Hill Pub. Co.,1990 _cc1990. |
||
| 300 |
_axxi, 250 p. : _bill. ; _c24 cm. |
||
| 500 | _adistributer: Al-Ahram | ||
| 511 | _acatalogued by: wessam | ||
| 650 | 0 | _aMachine design. | |
| 650 | 0 | _aValue analysis (Cost control) | |
| 942 |
_cBB _k621.815KAM |
||
| 999 |
_c7408 _d7408 |
||